Sahitya vimarshe 2006 (Record no. 142534)

MARC details
000 -LEADER
fixed length control field 00922nam a2200289Ia 4500
003 - CONTROL NUMBER IDENTIFIER
control field OSt
005 - DATE AND TIME OF LATEST TRANSACTION
control field 20260212103135.0
008 - FIXED-LENGTH DATA ELEMENTS--GENERAL INFORMATION
fixed length control field 210210b2008 xxu||||| |||| 00| 0 eng d
040 ## - CATALOGING SOURCE
Transcribing agency AL
041 ## - LANGUAGE CODE
Language code of text/sound track or separate title Kannada
082 ## - DEWEY DECIMAL CLASSIFICATION NUMBER
Classification number K894.9 KARS
100 ## - MAIN ENTRY--PERSONAL NAME
Personal name KARNATAKA SAHITYA AKADEMI
Dates associated with a name ಕರ್ನಾಟಕ ಸಾಹಿತ್ಯ ಅಕಾಡೆಮಿ
9 (RLIN) 254490
245 ## - TITLE STATEMENT
Title Sahitya vimarshe 2006
Remainder of title ಸಾಹಿತ್ಯ ವಿಮರ್ಶೆ
260 ## - PUBLICATION, DISTRIBUTION, ETC.
Place of publication, distribution, etc. Bengaluru
Name of publisher, distributor, etc. Karnataka Sahithya Akademi
Date of publication, distribution, etc. 2008
300 ## - PHYSICAL DESCRIPTION
Extent vi,278
650 ## - SUBJECT ADDED ENTRY--TOPICAL TERM
Topical term or geographic name entry element vimarshe
9 (RLIN) 254491
650 ## - SUBJECT ADDED ENTRY--TOPICAL TERM
Topical term or geographic name entry element Sahitya
9 (RLIN) 254492
650 ## - SUBJECT ADDED ENTRY--TOPICAL TERM
Topical term or geographic name entry element Nagaratnakumari
9 (RLIN) 254493
650 ## - SUBJECT ADDED ENTRY--TOPICAL TERM
Topical term or geographic name entry element Es
9 (RLIN) 254494
650 ## - SUBJECT ADDED ENTRY--TOPICAL TERM
Topical term or geographic name entry element by
9 (RLIN) 254495
650 ## - SUBJECT ADDED ENTRY--TOPICAL TERM
Topical term or geographic name entry element Bi
9 (RLIN) 254496
650 ## - SUBJECT ADDED ENTRY--TOPICAL TERM
Topical term or geographic name entry element 2006
9 (RLIN) 254497
690 ## - LOCAL SUBJECT ADDED ENTRY--TOPICAL TERM (OCLC, RLIN)
Topical term or geographic name as entry element Kannada Criticism
9 (RLIN) 254498
700 ## - ADDED ENTRY--PERSONAL NAME
Personal name ಬಿ ಎಸ್ ನಾಗರತ್ನಕುಮಾರಿ
Dates associated with a name B S Nagaratnakumari Ed
9 (RLIN) 254499
906 ## - LOCAL DATA ELEMENT F, LDF (RLIN)
a 065368
942 ## - ADDED ENTRY ELEMENTS (KOHA)
Source of classification or shelving scheme Dewey Decimal Classification
Koha item type Book
Holdings
Withdrawn status Lost status Source of classification or shelving scheme Damaged status Not for loan Collection code Home library Current library Shelving location Date acquired Source of acquisition Cost, normal purchase price Total Checkouts Full call number Barcode Date last seen Price effective from Koha item type
    Dewey Decimal Classification     Kannada St Aloysius Library St Aloysius Library   02/17/2021 Karnataka Sahitya Akademi, Bengaluru 80.00   K894.9 KARS 065368 02/17/2021 02/17/2021 Book